The inflation-unemployment trade-off at low inflation

Bibliographic Details
Main Author: Benigno, Pierpaolo.
Corporate Author: ProQuest (Firm)
Other Authors: Ricci, Luca Antonio.
Format: Electronic eBook
Language:English
Published: [Washington D.C.] : International Monetary Fund, 2009.
Series:IMF working paper ; WP/09/34.
Subjects:
Online Access:Click to View
LEADER 01316nam a2200337Ia 4500
001 EBC1608041
003 MiAaPQ
005 20200520144314.0
006 m o d |
007 cr cn|||||||||
008 041202s2009 dcua sb i000 0 eng d
035 |a (MiAaPQ)EBC1608041 
035 |a (Au-PeEL)EBL1608041 
035 |a (CaPaEBR)ebr10369166 
035 |a (OCoLC)867080305 
040 |a MiAaPQ  |c MiAaPQ  |d MiAaPQ 
050 4 |a HD5710  |b .B46 2009 
100 1 |a Benigno, Pierpaolo. 
245 1 4 |a The inflation-unemployment trade-off at low inflation  |h [electronic resource] /  |c prepared by Pierpaolo Benigno and Luca Antonio Ricci. 
260 |a [Washington D.C.] :  |b International Monetary Fund,  |c 2009. 
300 |a 44 p. :  |b ill. 
490 1 |a IMF working paper ;  |v WP/09/34 
504 |a Includes bibliographical references. 
533 |a Electronic reproduction. Ann Arbor, MI : ProQuest, 2015. Available via World Wide Web. Access may be limited to ProQuest affiliated libraries. 
650 0 |a Unemployment  |x Effect of inflation on. 
650 0 |a Inflation (Finance) 
655 4 |a Electronic books. 
700 1 |a Ricci, Luca Antonio. 
710 2 |a ProQuest (Firm) 
830 0 |a IMF working paper ;  |v WP/09/34. 
856 4 0 |u https://ebookcentral.proquest.com/lib/matrademy/detail.action?docID=1608041  |z Click to View